Načítá se...

Understanding economics today

Podrobná bibliografie
Hlavní autor: Walton,Gary M
Další autoři: Wykoff,Frank C
Médium: Printed Book
Jazyk:English
Vydáno: Chicago Irwin 1986
Vydání:5
Témata:
LEADER 00558nam a22001937a 4500
005 20160820112532.0
008 091012t xxu||||| |||| 00| 0 eng d
082 |a 330  |b WAL 
100 |a Walton,Gary M  |9 4088 
245 |a Understanding economics today 
250 |a 5 
300 |a xvii,473p. 
653 |a economics 
700 |a Wykoff,Frank C  |9 4087 
942 |c BK  |6 _ 
260 |a Chicago  |b Irwin  |c 1986 
020 |a 0071148639 
999 |c 171760  |d 171760 
952 |0 0  |1 0  |2 ddc  |4 0  |6 330_WAL  |7 0  |9 223101  |a DAE  |b DAE  |d 2009-10-12  |o 330 WAL  |p ECO08518  |r 2016-08-20  |w 2016-08-20  |y BK